000 00532nam a22001932 4500
001 0000002457
005 20170406114236.0
008 140312s xx 000 0 eng d
020 _c$
040 _aYour Holding Symbol
_cYour Holding Symbol
100 1 _aSkousen,Smith.
245 1 0 _aIntermediate accounting :
_bcomprehensive volume.
250 _a8th ed.
260 _aCincinnat :
_bSouthern western,
_c1984.
300 _a1064 p. ;
_c cm.
504 _aindex.
650 0 _aaccounting.
908 _a140312
999 _c2347
_d2347